000 01365nam a2200337 4500
003 EG-GICUC
005 20260121101452.0
008 251211s2011 ua ||||fr|||| 00| 0 ara d
017 _a201110282
020 _a9789777160940
040 _a EG-GICUC
_bara
_c EG-GICUC
_d EG-GICUC
_erda
041 _aara
082 0 4 _221
_a343.523
_bم ح . م
092 0 4 _221
099 _aLaw1 10 343.523 م ح . م 1 ed - 2011
100 0 _aمحمد صلاح أبو رجب
_eمؤلف.
245 1 2 _aالمسئولية الجنائية الدولية للقادة /
_cمحمد صلاح أبو رجب.
250 _aالطبعة الاولى
264 1 _a[مكان النشر غير محدد] :
_b[ الناشر غير محدد],
_c2011.
300 _a1016 صفحة ؛
_c24 سم.
336 _2rda content
_atext
337 _2rda media
_aComputer
338 _2rda carrier
_aOnline Resource
504 _aيحتوي على ارجاعات ببليوجرافية يحتوي على قائمة بالمراجع
546 _aالنص أغلبه باللغة العربية بعض النصوص الإنجليزية والفرنسية
650 1 4 _aالمسئولية الجنائية من الجريمة الدولية
_2qrmak
651 1 _2qrmak
856 4 0 _uhttps://fll.law.cu.edu.eg/fulltext/bks/B10-07214.pdf
905 _a75
_eHassnaa
942 _2ddc
_n0
_cBK
_e21
999 _c49828
_d49828